| 000 | 00620nam a2200193 ar4500 | ||
|---|---|---|---|
| 001 | 3980 | ||
| 005 | 20221127090843.0 | ||
| 008 | 140916s xxua 00110 eng d | ||
| 020 | _a9780135153369(pbk) | ||
| 082 | 0 | 4 |
_a658.8342 _bSo47 2009 |
| 100 | 1 | _aSolomon, Michael R. | |
| 245 | 1 | 0 |
_aConsumer behaviour : _bbuying, having, and being / _cM. R. Solomon. |
| 250 | _a8th ed. | ||
| 260 |
_aUppler Saddle River, NJ : _bPearson/Prentice Hall, _c2009. |
||
| 300 |
_a720 p. : _bill.(chiefly col.) ; _c28 cm. |
||
| 504 | _aIncludes bibl. references and index. | ||
| 650 | 4 | _aConsumer behavior. | |
| 650 | 4 |
_aMarketing _xManagement. |
|
| 999 |
_c3978 _d3978 |
||